1707 1548 1806 1317 1684 1298 1411 1199 1677 1197 1073 1031 1207 1088 1316 1748 1488 1417 1439 1562 1191 1635 1379 1262 1123 1478 1794 1224 1687 1116 1062 1025 1160 1845 1175 1721 1266 1969 1191 1701 1690 1511 1688 1485 1047 1377 1465 1660 1845 1224 1911 1386 1302 1822 1584 1808 1701 1757 1053 1763 1843 1210 1543 1934 1375 1407 1104 1462 1147 1900 1807 1005 1025 1896 1003 1180 1799 1153 1261 1729 1245 1922 1929 1756 1668 1807 1362 1981 1574 1467 1534 1423 1038 1674 1664 1936 1538 1259 1240 BCNSPRNW ULIB Ver.6.0+V

เปลี่ยนเป็นภาษาไทย

Change to English
 แสดงรายละเอียดบรรณานุกรม
  กลับหน้าหลัก

Brief Record : Get Marc (ISO 2709) : E-mail record : QR code < ปิดหน้าต่าง
LEADER : 00000nam 2200000uu 4500
001    13399112991
003     ULIB
008    110921s2553||||th 000 0 tha d
020    9789745420748
060 04 W74^bว225ศ 2553
100 0  วรพจน์ พรหมสัตยพรต
245 10 เศรษฐศาสตร์สาธารณสุข =^bHealth economics /^cวรพจน์พรหมสัตยพรต
246 31 Health economics
250    พิมพ์ครั้งที่ 8 (ฉบับปรับปรุงใหม่)
260    มหาสารคาม :^bคณะสาธารณสุขศาสตร์ มหาวิทยาลัยมหาสารคาม,^c2553
300    197 หน้า :^bภาพประกอบ ;^c29 ซม.
650  4 เศรษฐศาสตร์การแพทย์
650  4 บริการทางการแพทย์^xค่าใช้จ่าย
710 2  มหาวิทยาลัยมหาสารคาม. ^bคณะสาธารณสุขศาสตร์
945    ^p195^l0^i030628
995    เกษร
999 ^a ใช้งานได้ทุกระบบ
รายการนี้ยังไม่มีแท็ก
คุณยังไม่ได้ล็อกอิน คุณสามารถมีกิจกรรมร่วมกับเว็บไซต์ได้ แต่ต้องล็อกอินก่อน ::
  ล็อกอิน

รายการสื่อสารสนเทศ

ลำดับที่ ประเภท เลขเรียก/บาร์โค้ด สถานที่ สถานะ
1. วิทยาศาสตร์การแพทย์ และสุขภาพ
หนังสือสำรอง
สถานะ=หนังสือสำรอง
W74 ว225ศ 2553  
  Barcode: 030628
ห้องสมุดวิทยาเขตสวรรค์ประชารักษ์
►ส่วนจัดเก็บหนังสือเก่า สปร
บนชั้น
  ขอยืม

รายการใกล้เคียง
    หัวเรื่อง [เศรษฐศาสตร์การแพทย์]

BibComment


ยังไม่เคยถูกคอมเมนท์

คอมเมนท์ทรัพยากรรายการนี้
  คอมเมนท์: เศรษฐศาสตร์สาธารณ..


 Copyright 2026. Bcnsprnw @Library